00342nam a2200133 a 45000010010000000030011000100080041000210350026000620820014000881000019001022450015001212600037001366500035001730000-8592ELIB.Books110520 1952  a(ELIB.Books)0000-8738 a240 bDye aDye, Harold E. aThe Weaver bNashville: Broadman Press c1952 aDictionary of Christian Ethics